000 00525nam a2200181 i 4500
001 140913
003 ES-MaACL
005 20250727062612.0
007 t|
008 070918s1966 brg ||||1| spa d
100 1 _aYivkov, Todor.
_9117639
245 1 0 _aPor la paz, la amistad y el socialismo /
_cTodor Yivkov.
260 _aSofĂ­a :
_bEd. Libros en Lenguas Extranjeras,
_c1966.
300 _a730 p. ;
_c20 cm.
650 1 7 _aSocialismo
_2embne
_917147
852 _aES-MaACL
_jA-8468
_bR.97675
999 _c140913
_d140913